Answers Contain the Number 8 - Statistics

General Stats
  • This quiz has been taken 30,032 times
    5,859 since last reset
  • The average score is 12 of 18
Answer Stats
Hint Answer % Correct
What a spider has Eight legs (or eight eyes)
100%
What the solar system has Eight planets
99%
Approximate human population of the Earth Eight billion
98%
What the Hindu goddess Durga has Eight arms
87%
First manned mission to orbit the moon Apollo 8
86%
In chess, each player starts with ... Eight pawns
85%
Movie starring Eminem Eight Mile
78%
Gender swapped version of a famous casino heist movie Ocean's Eight
75%
English king who abdicated Edward VIII
65%
Pocket this to win Eight ball
65%
Together, they make one byte Eight bits
65%
Four quarts Eight pints
54%
Beatles song about giving 114% of one's love Eight Days a Week
53%
1970s audio technology Eight track
51%
Gift on the 8th day of Christmas Eight maids-a-milking
48%
Former Spanish coin worth eight reales Piece of eight
33%
Any one of the world's fourteen highest mountains Eight-thousander
23%
Count given to an upright but dazed boxer Standing eight count
22%
No matching quizzes found
Score Distribution
Percent of People with Each Score
Percentile by Number Answered
Your Score History
You have not taken this quiz since the last reset